000
003110000a22001450004500
003
MACL
040
_a
MACL
090
_c
49786
_d
49784
100
_a
Shrivastava.,C. S.
245
_a
Modern Journalism
260
_a
New Delhi
_b
Crescent Pub.
_c
2012
350
_a
995
650
_a
Journalism
942
_c
BOOK
_k
070
999
_c
49259
_d
49259